Normal view MARC view
  • Hamad Gohar (00000318657)

Entry Personal Name

Number of records used in: 1

001 - CONTROL NUMBER

  • control field: 116693

003 - CONTROL NUMBER IDENTIFIER

  • control field: NUST

005 - DATE AND TIME OF LATEST TRANSACTION

  • control field: 20230912170025.0

008 - FIXED-LENGTH DATA ELEMENTS

  • fixed length control field: 230912|| aca||aabn | a|a d

040 ## - CATALOGING SOURCE

  • Original cataloging agency: NUST
  • Transcribing agency: NUST

100 ## - HEADING--PERSONAL NAME

  • Personal name: Hamad Gohar (00000318657)

670 ## - SOURCE DATA FOUND

  • Source citation: Work cat.: (NUST): Hamad Gohar (00000318657), Investigating the characterization, kinetic mechanism, and thermodynamic behaviour of coal-biomass blends in co-pyrolysis process /, 2022
© 2023 Central Library, National University of Sciences and Technology. All Rights Reserved.